| 000 | 00363nam a2200145 a 4500 | ||
|---|---|---|---|
| 001 | 847 | ||
| 003 | CDMR | ||
| 005 | 20130705125110.0 | ||
| 008 | 130130s1998||||||||||||||||||||||||||||d | ||
| 040 |
_aCDMR _bcat _cCPC GIRONA |
||
| 100 | 1 |
_aBadenas, Miquel _9668 |
|
| 245 | 1 | 3 |
_aEl Paral·lel, història d'un mite _cBadenas, Miquel |
| 260 |
_c1998 _bPagès |
||
| 942 |
_cMON _2udc |
||
| 999 |
_c847 _d847 |
||